000 00506cam a22001577a 4500
008 180718b1975 xxu||||| |||| 00| 0 eng d
082 _aZx54 Sh45
100 _aShenoi, P.V.
245 _aAgricultural development in India: a new strategy in management
_cby P.V. Shenoi
260 _aDelhi
_bVikas
_c1975
300 _a373p.
650 _aAgriculture and state --India
650 _aAgriculture --Economic aspects --India
650 _aAgricultural administration --India
650 _aAgriculture --India
999 _c354368
_d354368